000 00699nam a2200217Ia 4500
003 GCL
008 140319s9999 xx 000 0 ara d
040 _aGCL /
_cGCL
082 0 4 _aق
_b709.962
_bح ف
100 1 _aحامد سعيد
245 1 0 _aالفن المعاصر فى مصر /
_cحامد سعيد
700 1 _aكاجتش
260 _aالقاهرة :
_bوزارة الثقافة والارشاد القومى ،
_c1964
300 _aمتعدد:
_bايض ؛
_c31 سم
650 0 4 _aالفن الحديث
650 0 4 _aالفن المصرى
650 0 4 _aالاشخاص فى الفن
650 0 4 _aاللوحات الفنية
650 0 4 _aرسم الاشخاص
942 _2ddc
_cBK
999 _c59091
_d59091